Fairy Tail - Membres de la guilde Raven Tail - Statistiques

Statistiques générales
  • Ce quiz a été pris 15 fois
  • Le résultat moyen est 3 sur 5
Statistiques - réponses
Par images Réponse % Correct
Iwan
100%
Nalpudding
82%
Ohbra
73%
Kurohebi
55%
Frea
36%
Aucun quiz correspondant
Distribution des résultats
% des personnes avec chaque résultat
Percentile par nombre de réponses
Votre historique - résultats
Vous n’avez pas pris ce quiz